00448nam a2200157Ia 450000500170000000800410001708200130005810000170007124500110008826000370009930000180013665000160015494200060017095200990017699900150027520250323171732.0240331s9999 xx 000 0 und d bPONa894 aPonnaiyan, N 0aGenmam aColombobMeera Pathippakamc2005 aXiv, 155 p ., aShort Story cL 001040708LaWERCLbWERCLcSSCd2024-03-31l0o 894.811 PONp5523r2024-03-31w2024-03-31yL c4129d4129